[Event "Ruhrgebiet VK1 0001"]
[Site "Ruhrgebiet"]
[Date "2001.05.13"]
[Round "9"]
[White "Polovina, Maksim"]
[Black "Grosse Frintrop, Gerd"]
[Result "1-0"]
[WhiteElo "1970"]
[BlackElo "1976"]
[PlyCount "86"]
[EventDate "2000.09.17"]
[EventType "team-tourn"]
[EventRounds "9"]
[EventCountry "GER"]
[SourceTitle "EXT 2023"]
[Source "ChessBase"]
[SourceDate "2022.10.05"]
[SourceVersion "1"]
[SourceVersionDate "2022.10.05"]
[SourceQuality "1"]
[WhiteTeam "Essen Rot Weiss"]
[BlackTeam "Buer SF"]
[WhiteTeamCountry "GER"]
[BlackTeamCountry "GER"]

1. e4 d5 2. e5 Bf5 3. d4 e6 4. Nc3 a6 5. Be3 Nd7 6. h4 h5 7. Be2 Bg6 8. Nf3 c5 9. dxc5 Bxc5 10. Bxc5 Nxc5 11. Nd4 Ne7 12. 0-0 Nd7 13. f4 Nf5 14. Nxf5 Bxf5 15. Bd3 Bxd3 16. Qxd3 Qxh4 17. Rae1 Qg4 18. f5 0-0 19. Rf3 Nc5 20. Qd2 exf5 21. Nxd5 Rad8 22. Ne7+ Kh8 23. Qe3 Qd4 24. Rxf5 Qxe3+ 25. Rxe3 g6 26. Rf6 Rde8 27. Nd5 Nd7 28. Rd6 Nxe5 29. Nf6 Re7 30. Rd5 Nc6 31. Rxe7 Nxe7 32. Rd7 Nf5 33. Rxb7 Kg7 34. Ne4 Rd8 35. Ng5 Nd6 36. Ne6+ Kf6 37. Nxd8 Nxb7 38. Nxb7 Ke5 39. Nc5 Kd4 40. Nxa6 h4 41. Nb4 g5 42. Nd3 f5 43. a4 f4 1-0